| 000 | 00428nam a2200157Ia 4500 | ||
|---|---|---|---|
| 008 | 160316s1989 xxu||||| |||| 00| 0 eng d | ||
| 082 |
_a342.540200 _bCON-I-IV |
||
| 100 | _a | ||
| 245 | _aConstituent assembly debates official reports. Vol.I-VI book No.1: 9 dec 1946-27 jan | ||
| 250 | _a | ||
| 260 |
_aNew Delhi _bLok Sabha Secretariat _c1989 |
||
| 300 |
_a987p. _b _c |
||
| 365 | _bRs.800/- set | ||
| 650 | _a | ||
| 700 |
_a _a |
||
| 999 |
_c7182 _d7182 |
||